000 00517cam a2200181 a 4500
082 0 0 _a346.02
_bSHA
_cL-32 P-19
100 _aMulla, D. F.
_938172
110 1 _aPakistan.
_97181
245 1 4 _aMulla on contract act.
_cD.F. Mulla.
250 _a8th ed.
260 _aKarachi :
_bUnion Book Stall
_c1968.
300 _axxxvi; 256 p. ;
_c24 cm.
526 _a0
_b0
_c0
_d346_020000000000000_SHA
650 0 _aContracts
_zPakistan.
_937966
650 0 _aMCE
_9379
700 1 _aAbbas Bin Kameruddin
_937967
942 _2ddc
_cBK
999 _c542815
_d542815